| 000 | 00848nam a22002777a 4500 | ||
|---|---|---|---|
| 003 | CHAP | ||
| 005 | 20220329140543.0 | ||
| 008 | 971013s1979 r 00010 d | ||
| 010 | _a53822 | ||
| 011 | _a54794 | ||
| 035 | _a58946 | ||
| 040 | _cCHAP | ||
| 082 |
_a630.58 _bW4 |
||
| 245 | _aWho`s who in world agriculture | ||
| 260 |
_aHodgson : _bWho's who in world agriculture, _c1979 |
||
| 300 | _a2 v. | ||
| 590 |
_aBATCH-UPD _b10 _c20130110 _lUCH01 _h2256 |
||
| 590 |
_aBATCH-UPD _b10 _c20130410 _lUCH01 _h1549 |
||
| 590 |
_aBATCH-UPD _b10 _c20130913 _lUCH01 _h2216 |
||
| 590 |
_aCONVERSION _b10 _c20130109 _lUCH01 _h1329 |
||
| 650 | 1 | 4 |
_aAgrónomos _xBiografia. _92202 |
| 901 | _aBK | ||
| 942 | _cLIBRO | ||
| 949 |
_a630.58 W4 _bBC _cC _d33724000566535 _eC _fv.1 _h54460 _i58946 _si |
||
| 949 |
_a630.58 W4 _bBC _cC _d33724000566717 _eC _fv.2 _h65561 _i58946 _si |
||
| 999 |
_c53822 _d53822 |
||